| 000 | 00977nam0a22002651 4500 | ||
|---|---|---|---|
| 001 | rc\147821 | ||
| 005 | 20030307112541.1 | ||
| 010 |
_a5-09-004291-8 _93290000 |
||
| 035 | _a(NLR Aleph) 005416947 | ||
| 090 |
_a7433820 _c7433820 |
||
| 100 | _a20030307d1993 u |0rusy50 ca | ||
| 101 | 0 | _arus | |
| 102 | _aRU | ||
| 105 | _aa ||||||||| | ||
| 200 | 1 |
_aИстория древнего мира _eУчеб. для 6-го кл. сред. шк. _fА.А. Вигасин, Г.И. Годер, И.С. Свенцицкая |
|
| 210 |
_aМ. _cПросвещение _d1993 |
||
| 215 |
_a269, [2] с. _cил., карт. _d22 |
||
| 700 | 1 |
_aВигасин _bА. А. _f1946- _gАлексей Алексеевич _3RU\NLR\AUTH\776100 |
|
| 701 | 1 |
_aГодер _bГ. И. _gГеоргий Израилевич |
|
| 701 | 1 |
_aСвенцицкая _bИ. С. _gИрина Сергеевна |
|
| 801 | 0 |
_aRU _bNLR _gpsbo |
|
| 801 | 1 |
_aRU _bELAR _2rusmarc |
|
| 852 |
_aNLR _j92-5/3396 |
||
| 942 | _cBOOK | ||
| 980 | _aNB | ||